Statistics for Finland Trivia

Click here to take the quiz!

General Stats

  • This quiz has been taken 29 times
  • The average score is 3 of 15

Answer Stats

HintAnswer% Correct
In the Cold war which country did Finland fight?Soviet Union
63%
True or False Finland is in NATONo
58%
Finlands official language is called what?Finnish
54%
Every year Finland have a what carrying event?Wife
42%
Finland was the first country in europe to give what a vote?Women
42%
There are more what than cars in Finland?Saunas
17%
Whats the coldest ever temperature ever recorded in Finland-51
17%
What is the Women life expectancy in Finland?83 years
13%
What countries border Finland?Sweden, Russia and Norway
8%
What is the men life expectancy in Finland?78 years
8%
What is Finlands Capital city called?Helinski
0%
Whats Finlands official name?Kingdom Of Finland
0%
Finnish babies sleep in what?Cardboard boxes
0%
How many lakes are in Finland?187k
0%
How many People live in Finland?5.4 Million
0%

Score Distribution

Percentile by Number Answered

Percent of People with Each Score

Your Score History

You have not taken this quiz